000 00463nam a2200157 a 4500
001 000032516
005 20200930065700.0
008 110718s1976 dr 000 0 spa d
040 _aDO-SdBNP
_bspa
_cBNPHU
100 1 _aTorres, Luis Alfredo
_956554
245 1 3 _aEl amor que iba y que venía /
_cLuis Alfredo Torres.
250 _a2a ed.
260 _aSanto Domingo :
_bEditora Ángel,
_c1976.
300 _a1v. Con varias paginaciones ;
_c29 cm.
049 _aBNPD
999 _c32007
_d32007